| 000 | 01102 a2200241 4500 | ||
|---|---|---|---|
| 999 |
_c936 _d936 |
||
| 020 | _a0072317361 (pbk. : alk. paper) | ||
| 050 | 0 | 0 | _aE468.McP 2001 |
| 100 | 1 | _aMcPherson, James M. | |
| 245 | 1 | 0 |
_aOrdeal by fire : _bthe Civil War and Reconstruction / _cJames M. McPherson. |
| 264 |
_aBoston: _bMcGraw hill., _c2001 |
||
| 300 |
_a1 v. (various pagings) : _bill., maps ; |
||
| 500 | _a index. | ||
| 504 | _aIncludes bibliographical references | ||
| 650 | 0 | _aReconstruction (U.S. history, 1865-1877) | |
| 651 | 0 | _aUnited States | |
| 651 | 0 | _aUnited States | |
| 651 | 0 | _aUnited States | |
| 856 | 4 | 1 |
_3Table of contents only _uhttp://www.loc.gov/catdir/enhancements/fy0729/00025043-t.html |
| 856 | 4 | 2 |
_3Publisher description _uhttp://www.loc.gov/catdir/enhancements/fy0729/00025043-d.html |
| 856 | 4 | 2 |
_3Contributor biographical information _uhttp://www.loc.gov/catdir/enhancements/fy0735/00025043-b.html |
| 942 |
_2lcc _cBK _h468 _iMcP _kE |
||